<?xml version="1.0" encoding="UTF-8"?>
<collection xmlns:xsi="http://www.w3.org/2001/XMLSchema-instance" xsi:schemaLocation="http://www.loc.gov/MARC21/slim http://www.loc.gov/standards/marcxml/schema/MARC21slim.xsd" xmlns="http://www.loc.gov/MARC21/slim">
 <record>
  <leader>00000cam a22000004i 4500</leader>
  <controlfield tag="001">UP-1685594773861387179</controlfield>
  <controlfield tag="003">Buklod</controlfield>
  <controlfield tag="005">20070906151747.0</controlfield>
  <controlfield tag="006">g||| |     ||   ||</controlfield>
  <controlfield tag="007">ta</controlfield>
  <controlfield tag="008">190312s2005    xx      ri   |||| u|eng d</controlfield>
  <datafield tag="020" ind1=" " ind2=" ">
   <subfield code="a">0304357308</subfield>
  </datafield>
  <datafield tag="035" ind1=" " ind2=" ">
   <subfield code="a">(iLib)UPBAG-00000022293</subfield>
  </datafield>
  <datafield tag="037" ind1=" " ind2=" ">
   <subfield code="a">BC-50671</subfield>
   <subfield code="c">P2,795.00</subfield>
  </datafield>
  <datafield tag="040" ind1=" " ind2=" ">
   <subfield code="d">BAG</subfield>
   <subfield code="e">rda</subfield>
  </datafield>
  <datafield tag="041" ind1="0" ind2=" ">
   <subfield code="a">eng</subfield>
  </datafield>
  <datafield tag="090" ind1=" " ind2=" ">
   <subfield code="a">D 11</subfield>
   <subfield code="b">W55</subfield>
  </datafield>
  <datafield tag="100" ind1="1" ind2=" ">
   <subfield code="a">Williams, Hywel</subfield>
   <subfield code="d">1953-</subfield>
   <subfield code="e">author.</subfield>
  </datafield>
  <datafield tag="245" ind1="1" ind2="0">
   <subfield code="a">Cassell's chronology of world history</subfield>
   <subfield code="b">dates, events and ideas that made history</subfield>
   <subfield code="c">Hywel Williams.</subfield>
  </datafield>
  <datafield tag="246" ind1="1" ind2=" ">
   <subfield code="a">Chronology of world history.</subfield>
  </datafield>
  <datafield tag="264" ind1=" " ind2="1">
   <subfield code="a">London</subfield>
   <subfield code="b">Weidenfeld &amp; Nicolson</subfield>
   <subfield code="c">2005.</subfield>
  </datafield>
  <datafield tag="300" ind1=" " ind2=" ">
   <subfield code="a">xii, 767 pages</subfield>
   <subfield code="c">25 cm</subfield>
  </datafield>
  <datafield tag="336" ind1=" " ind2=" ">
   <subfield code="a">text</subfield>
   <subfield code="2">rdacontent</subfield>
  </datafield>
  <datafield tag="337" ind1=" " ind2=" ">
   <subfield code="a">unmediated</subfield>
   <subfield code="2">rdamedia</subfield>
  </datafield>
  <datafield tag="338" ind1=" " ind2=" ">
   <subfield code="a">volume</subfield>
   <subfield code="2">rdacarrier</subfield>
  </datafield>
  <datafield tag="500" ind1=" " ind2=" ">
   <subfield code="a">Includes index.</subfield>
  </datafield>
  <datafield tag="505" ind1="0" ind2=" ">
   <subfield code="a">The ancient and medieval worlds 135,000 BP-1449 -- The roots of civilization: river-valley civilizations of Mesopotamia, the Indus and the Nile -- India and Hinduism: the invention of a country -- The classical world: Polis and republic in Greece and Rome -- Bureaucracy and intelligence: the rise of China -- The rise of Islam: an Arab revolution -- Castle and cathedral: Europe's middle ages and the idea of a Christian civilization -- The early modern world 1450-1799 -- Europe's drama: renaissance and reformation -- Turkic power: the Ottoman challenge to the west -- Colonial collisions: the European push into Asia, the Americas and Africa -- The sense of the new: the enlightenment and the French Revolution -- The nineteenth-century world 1800-1899 -- Nationalism and capitalism: the dynamic order of the 19th century -- Hierarchies in collision: China and Japan in the 19th century -- An American civilization: unity, power and race in the new world -- The modern world 1900-2004 -- A continent divided: Europe from Armageddon to reconstruction, 1914-89 -- Old empires and new beginnings: decolonization and the fall of Europe -- American hegemony: the victories, dilemmas and fears of a 21st-century colossus -- Towards one world -- The ancient and medieval worlds 135,000 BP-1449 -- The roots of civilization: river-valley civilizations of Mesopotamia, the Indus and the Nile -- India and Hinduism: the invention of a country -- The classical world: Polis and republic in Greece and Rome -- Bureaucracy and intelligence: the rise of China -- The rise of Islam: an Arab revolution -- Castle and cathedral: Europe's middle ages and the idea of a Christian civilization -- The early modern world 1450-1799 -- Europe's drama: renaissance and reformation -- Turkic power: the Ottoman challenge to the west -- Colonial collisions: the European push into Asia, the Americas and Africa -- The sense of the new: the enlightenment and the French Revolution -- The nineteenth-century world 1800-1899 -- Nationalism and capitalism: the dynamic order of the 19th century -- Hierarchies in collision: China and Japan in the 19th century -- An American civilization: unity, power and race in the new world -- The modern world 1900-2004 -- A continent divided: Europe from Armageddon to reconstruction, 1914-89 -- Old empires and new beginnings: decolonization and the fall of Europe -- American hegemony: the victories, dilemmas and fears of a 21st-century colossus -- Towards one world.</subfield>
  </datafield>
  <datafield tag="650" ind1=" " ind2="0">
   <subfield code="a">World history.</subfield>
  </datafield>
  <datafield tag="650" ind1=" " ind2="0">
   <subfield code="a">Chronology, Historical.</subfield>
  </datafield>
  <datafield tag="852" ind1="0" ind2=" ">
   <subfield code="a">UPBAG</subfield>
   <subfield code="b">UPBAG-MAIN</subfield>
   <subfield code="h">D 11 W55</subfield>
  </datafield>
  <datafield tag="942" ind1=" " ind2=" ">
   <subfield code="a">Book</subfield>
  </datafield>
 </record>
</collection>
